000 00728nam a2200169 i 4500
001 153634
003 ES-MaACL
005 20250805063307.0
008 050927s1890 po |||| | por d
100 1 _aDelgado, Joaquim Filipe Nery,
_d1835-1908
_943410
245 1 0 _aRelatorio ácerca da decima sessão do Congresso Internacional de Anthropologia e archeologia prehistoricas /
_cpor Joaquim Filippe Nery Delgado.
260 _aLisboa :
_bImprensa Nacional,
_c1890.
300 _a46 p. ;
_c30 cm.
710 2 _aCongresso Internacional de Anthropologia (
_d1889.
_c(. París)
_9134294
852 _aES-MaACL
_jT-502-F-2
_z- Enc. hol., conservando la enc. original
_z- Enc. en un vol. facticio
999 _c153634
_d153634